[Event "6th Gibtelecom Masters"]
[Site "Gibraltar ENG"]
[Date "2008.01.25"]
[Round "4"]
[White "Jakobsen,O"]
[Black "Petrosian,TL"]
[Result "1/2-1/2"]
[WhiteElo "2372"]
[BlackElo "2606"]

1.d4 Nf6 2.c4 g6 3.Nc3 d5 4.cxd5 Nxd5 5.e4 Nxc3 6.bxc3 Bg7 7.Qa4+ Nd7 8.Bg5 O-O
9.Nf3 c5 10.Rd1 h6 11.Be3 Nb6 12.Qa3 cxd4 13.cxd4 Qd6 14.Qxd6 exd6 15.Bd3 f5
16.O-O g5 17.d5 Na4 18.exf5 Bxf5 19.Nd4 Bxd4 20.Bxd4 Bxd3 21.Rxd3 a6 22.h4 Rae8
23.hxg5 hxg5 24.Rh3 Re4 25.Rd1 Rff4 26.Rh8+ Kf7 27.Be3 Rh4 28.Rxh4 gxh4 29.Rc1 Kf6
30.Rc7 b5 31.Rc6 Ke5 32.Rxa6 Kxd5 33.Kh2 Nc3 34.a3 Ke5 35.Bh6 Rc4 36.Bg7+ Ke6
37.Bf8 Rd4 38.Bg7 Rd3 39.Bxc3 Rxc3 40.f3 Ke5 41.Kh3 d5 42.Ra5 Rb3 43.Kxh4 d4
44.a4 d3 45.axb5 d2 46.Ra1 Kf4 47.Rd1 Ke3 48.f4 Ke2 49.Rxd2+ Kxd2 50.f5 Ke3
51.Kg5 Rb2 52.f6 Ke4 53.f7 Rf2 54.Kg6 Ke5 55.Kg7 Rxg2+ 56.Kh7 Rf2 57.Kg7 Kd6
58.f8=Q+ Rxf8 59.Kxf8 Kc7 60.Ke7 Kb7 61.b6 Kc6 62.b7 Kc7 63.b8=Q+ Kxb8  1/2-1/2

[Event "Winter Open"]
[Site "Belgrade SRB"]
[Date "2008.01.26"]
[Round "5"]
[White "Koprivica,C"]
[Black "Sarenac,D"]
[Result "1-0"]
[WhiteElo "2060"]
[BlackElo "2217"]

1.d4 Nf6 2.c4 g6 3.Nc3 d5 4.cxd5 Nxd5 5.e4 Nxc3 6.bxc3 Bg7 7.Bc4 O-O 8.Ne2 c5
9.Be3 Nc6 10.O-O cxd4 11.cxd4 Bg4 12.f3 Na5 13.Bd3 Be6 14.Qa4 a6 15.Rac1 b5
16.Qc2 Bc4 17.Qd2 Bxd3 18.Qxd3 Nc4 19.Rc2 Qd6 20.Bf2 Rfd8 21.f4 e6 22.Rfc1 f5
23.e5 Qc6 24.Ng3 Bh6 25.Ne2 Rd7 26.Qh3 Bf8 27.Qb3 Rb7 28.Rb1 Rab8 29.Rbc1 Kh8
30.Qd3 Qd7 31.Qf3 Rc8 32.h3 Rbc7 33.Qb3 a5 34.Bh4 a4 35.Qg3 b4 36.Rd1 Qd5
37.Bf6+ Kg8 38.h4 Qe4 39.Rdc1 Kf7 40.h5 Rc6 41.hxg6+ hxg6 42.Qh3 Bg7 43.Rxc4 Rxc4
44.Rxc4 Qb1+ 45.Kf2 Rxc4 46.Qh7 Ke8 47.Qxg7  1-0

[Event "6th ch-PriFO Men"]
[Site "Kazan RUS"]
[Date "2008.01.26"]
[Round "4"]
[White "Amirkhanov,Ro"]
[Black "Khayrullin,D"]
[Result "0-1"]
[WhiteElo "2291"]
[BlackElo "2382"]

1.d4 Nf6 2.c4 g6 3.Nc3 d5 4.cxd5 Nxd5 5.e4 Nxc3 6.bxc3 Bg7 7.Qa4+ Qd7 8.Qb3 O-O
9.Be3 b6 10.Nf3 Bb7 11.Bd3 c5 12.O-O Nc6 13.Rad1 Na5 14.Qb1 cxd4 15.cxd4 Rac8
16.d5 Qd6 17.Bd4 e5 18.Be3 Nc4 19.Bxc4 Rxc4 20.Nd2 Rc7 21.Rc1 Rfc8 22.Rxc7 Qxc7
23.Nb3 Bf8 24.Rc1 Qd7 25.Rxc8 Qxc8 26.Qc1 Qxc1+ 27.Bxc1 Ba6 28.f4 Bd6 29.Kf2 exf4
30.Bb2 Bb7 31.e5 Be7 32.d6 Bh4+ 33.g3 fxg3+ 34.hxg3 Bg5 35.Nd4 Bd5 36.a3 a6
37.Nc2 Kf8 38.Bd4 Bd8 39.Ne3 Be6 40.Kf3 Ke8 41.Ke4 Kd7 42.Nd5 Bxd5+ 43.Kxd5 b5
44.Be3 h5 45.Bf2 Ba5 46.Kc5 Bc3 47.Kb6 Bxe5 48.Kxa6 Bxd6 49.Kxb5 Bxa3 50.Kc4 Ke6
51.Kd3 Kf5 52.Ke2 Kg4  0-1

[Event "Winter Open"]
[Site "Belgrade SRB"]
[Date "2008.01.27"]
[Round "6"]
[White "Jevtic,Mir"]
[Black "Vujacic,Bo"]
[Result "1/2-1/2"]
[WhiteElo "2166"]
[BlackElo "2326"]

1.d4 Nf6 2.c4 g6 3.Nc3 d5 4.cxd5 Nxd5 5.e4 Nxc3 6.bxc3 Bg7 7.Ba3 O-O 8.Nf3 Nd7
9.Qc2 c5 10.Rb1 Qa5 11.Qb3 Nf6 12.Bxc5 Nxe4 13.Bb4 Qc7 14.Bd3 Bf5 15.Qc2 a5
16.Bxe4 Bxe4 17.Qxe4 axb4 18.O-O bxc3 19.Rxb7 Qc4 20.h4 e6 21.Ne5 Qxa2 22.Rc1 Qd2
23.Rc2 Qd1+ 24.Kh2 Bxe5+ 25.dxe5 Rad8 26.Rb4 Rd2 27.Rxc3 Rxf2 28.Rf3 Re2
29.Re3 Rxe3 30.Qxe3 Rd8 31.Qf4 Qd2 32.Qf6 Qxb4 33.Qxd8+ Qf8 34.Qf6 h6 35.Kg3 Qa3+
36.Kh2 Qd3 37.g4 h5 38.gxh5 Qe2+ 39.Kg3 Qxh5 40.Qd8+ Kh7 41.Qd4 g5 42.hxg5 Qxg5+
43.Kf3 Kh6 44.Qd6 Kh5 45.Qb8 Qg4+ 46.Ke3 Kh4 47.Qc7 Qg5+ 48.Kf3 Qf5+ 49.Ke3 Kg3
50.Qb8 Qf3+ 51.Kd2 Kf4 52.Qc7 Qe3+ 53.Kd1 Qd4+ 54.Kc1 Qa1+ 55.Kd2 Qb2+ 56.Kd1 Ke3
57.Qc3+  1/2-1/2

[Event "Winter Open"]
[Site "Belgrade SRB"]
[Date "2008.01.28"]
[Round "7"]
[White "Dzunic,V"]
[Black "Mikicic,Du"]
[Result "1-0"]
[WhiteElo "2049"]
[BlackElo "2230"]

1.d4 Nf6 2.c4 g6 3.Nc3 d5 4.cxd5 Nxd5 5.e4 Nxc3 6.bxc3 Bg7 7.Bc4 O-O 8.Ne2 c5
9.Be3 cxd4 10.cxd4 Qa5+ 11.Kf1 Nc6 12.Rc1 e6 13.h4 Rd8 14.f3 Nxd4 15.Nxd4 Qb6
16.Qb3 Bxd4 17.Qxb6 Bxb6 18.Bg5 Rd6 19.h5 Bd8 20.Bf4 Rc6 21.Rd1 Bf6 22.e5 Be7
23.hxg6 fxg6 24.Bb3 b5 25.Rd2 a5 26.g4 a4 27.Bc2 Ra7 28.Rdh2 Bf8 29.Bxg6 Rcc7
30.Be3 Rab7 31.Be4 Rf7 32.g5 Rg7 33.Bxb7 Bxb7 34.Rh3 Bd5 35.R1h2 b4 36.f4 b3
37.axb3 axb3 38.Bd4 Rf7 39.Rf2 Rc7 40.Rc3 Rb7 41.Rc8 Kg7 42.f5 Ba3 43.f6+ Kf7
44.g6+ hxg6 45.Rh2 g5 46.Rh7+ Kg6 47.Rxb7 Bxb7 48.Rg8+ Kf5 49.f7 Ke4 50.Bb2 Bxb2
51.f8=Q Bd4 52.Rxg5 Bd5 53.Rg4+ Kd3 54.Rxd4+ Kxd4 55.Qb4+ Kxe5 56.Kf2 Kf6
57.Qd4+ Kg5 58.Qe5+ Kg6 59.Ke3 Kf7 60.Qd6 Kf6 61.Kf4 Kg6 62.Qe7  1-0

[Event "Winter Open"]
[Site "Belgrade SRB"]
[Date "2008.01.28"]
[Round "7"]
[White "Skare,G"]
[Black "Jevtic,Mir"]
[Result "1-0"]
[WhiteElo "2315"]
[BlackElo "2166"]

1.d4 Nf6 2.c4 g6 3.Nc3 d5 4.cxd5 Nxd5 5.e4 Nxc3 6.bxc3 Bg7 7.Be3 c5 8.Qd2 Qa5
9.Rc1 O-O 10.Bc4 e6 11.Nf3 b5 12.Bd3 Bb7 13.Bh6 cxd4 14.Bxg7 Kxg7 15.cxd4 Qxd2+
16.Kxd2 a5 17.Rc7 Ba6 18.Ng5 Kg8 19.e5 Bc8 20.Bxb5 Na6 21.Re7 Rb8 22.a4 Nb4
23.Rc1 h6 24.Ne4 Rb7 25.Rcc7 Rxc7 26.Rxc7 Ba6 27.Nd6 f6 28.Bd7 fxe5 29.Bxe6+ Kh8
30.Nf7+ Kg7 31.Nxe5+  1-0

[Event "6th Gibtelecom Masters"]
[Site "Gibraltar ENG"]
[Date "2008.01.28"]
[Round "7"]
[White "Berczes,D"]
[Black "Gopal,G"]
[Result "0-1"]
[WhiteElo "2429"]
[BlackElo "2528"]

1.d4 Nf6 2.c4 g6 3.Nc3 d5 4.cxd5 Nxd5 5.e4 Nxc3 6.bxc3 Bg7 7.Bc4 c5 8.Ne2 Nc6
9.Be3 cxd4 10.cxd4 Qa5+ 11.Bd2 Qh5 12.d5 Ne5 13.Bb5+ Bd7 14.Bxd7+ Nxd7 15.Rb1 Qg4
16.O-O Nc5 17.Be3 b6 18.Bxc5 bxc5 19.Qa4+ Qd7 20.Qc4 Rc8 21.Rb3 O-O 22.Rfb1 Qd6
23.Rb7 Rb8 24.g3 Rxb7 25.Rxb7 Rb8 26.Rxa7 Qb6 27.Ra4 Qb1+ 28.Kg2 Qd1 29.Nf4 g5
30.Ne2 g4 31.Nc1 Bd4 32.Ra3 Rb2 33.Nd3 Qf3+  0-1

[Event "6th ch-PriFO Men"]
[Site "Kazan RUS"]
[Date "2008.01.28"]
[Round "6"]
[White "Pushin,V"]
[Black "Yandemirov,V"]
[Result "1/2-1/2"]
[WhiteElo "2297"]
[BlackElo "2461"]

1.d4 Nf6 2.c4 g6 3.Nc3 d5 4.cxd5 Nxd5 5.e4 Nxc3 6.bxc3 Bg7 7.Bc4 O-O 8.Ne2 Nc6
9.O-O Na5 10.Bd3 b6 11.Be3 Qd7 12.Qd2 Re8 13.Rac1 Bb7 14.Bh6 Bh8 15.f4 e6
16.f5 exf5 17.exf5 c5 18.Rf2 cxd4 19.cxd4 Be4 20.Rcf1 Bxd3 21.Qxd3 Qd5 22.fxg6 fxg6
23.Kh1 Bg7 24.Bxg7 Kxg7 25.Nf4 Qc4 26.Qh3 Kg8 27.Qh6 Rf8 28.h4 Qxd4 29.h5 Rf7
30.Ne6 Rxf2 31.Nxd4 Rxf1+ 32.Kh2 Rf6 33.Qg5 Raf8 34.Qd5+ Kh8 35.h6 g5 36.Qxg5 Rg6
37.Qe5+ Kg8 38.Qd5+ Kh8 39.Nf5 Nc6 40.g4 Rxf5 41.gxf5 Rxh6+ 42.Kg3 Rf6 43.Qd7 Kg8
44.Kf4 h6 45.a4 Kf8 46.Ke4 Kg8 47.Kf4  1/2-1/2

[Event "6th Gibtelecom Masters"]
[Site "Gibraltar ENG"]
[Date "2008.01.29"]
[Round "8"]
[White "Goldsztejn,G"]
[Black "Danielmeier,R"]
[Result "1-0"]
[WhiteElo "2380"]
[BlackElo "2112"]

1.d4 Nf6 2.c4 g6 3.Nc3 d5 4.cxd5 Nxd5 5.e4 Nxc3 6.bxc3 Bg7 7.Bc4 c5 8.Ne2 Nc6
9.Be3 O-O 10.O-O Bd7 11.Rb1 Rc8 12.dxc5 Qc7 13.Nd4 Rfd8 14.Qb3 Ne5 15.Be2 Rb8
16.f4 Ng4 17.Bxg4 Bxg4 18.f5 gxf5 19.Nxf5 Bxf5 20.Rxf5 e6 21.Rg5 Kh8 22.Qc4 Rd7
23.Rf1 Rbd8 24.Bf4 Qc6 25.h4 Rd1 26.Rxd1 Rxd1+ 27.Kh2 Bf6 28.Qe2 Rd8 29.e5 Qa4
30.c4 Be7 31.Qh5 Qe8 32.Rg3 f6 33.Qf3 Rd4 34.h5 Bxc5 35.exf6 Rxf4 36.Qxf4 Qxh5+
37.Rh3 Qf5  1-0

[Event "Winter Open"]
[Site "Belgrade SRB"]
[Date "2008.01.30"]
[Round "9"]
[White "Koprivica,C"]
[Black "Jevtic,Mir"]
[Result "0-1"]
[WhiteElo "2060"]
[BlackElo "2166"]

1.d4 Nf6 2.c4 g6 3.Nc3 d5 4.cxd5 Nxd5 5.e4 Nxc3 6.bxc3 Bg7 7.Be3 O-O 8.Bc4 c5
9.Ne2 cxd4 10.cxd4 Qa5+ 11.Bd2 Qh5 12.O-O Nc6 13.Bc3 Rd8 14.Qb3 e6 15.Ng3 Qh4
16.d5 exd5 17.Bxd5 Ne5 18.f3 Qf4 19.Rad1 Qe3+ 20.Kh1 Rf8 21.Bxf7+ Nxf7 22.Rc1 Bxc3
23.Rxc3 Qb6 24.Qa3 Be6 25.h4 Qd6 26.Qxd6 Nxd6 27.a4 Rac8 28.Rfc1 Rxc3 29.Rxc3 Rc8
30.Rxc8+ Nxc8  0-1

[Event "6th Gibtelecom Masters"]
[Site "Gibraltar ENG"]
[Date "2008.01.30"]
[Round "9"]
[White "Svendsen,Pet"]
[Black "Suez Panama,G"]
[Result "0-1"]
[WhiteElo "2011"]
[BlackElo "2099"]

1.d4 Nf6 2.c4 g6 3.Nc3 d5 4.cxd5 Nxd5 5.e4 Nxc3 6.bxc3 Bg7 7.Bc4 c5 8.Be3 O-O
9.Ne2 Nc6 10.O-O cxd4 11.cxd4 Bg4 12.f3 Na5 13.Bd3 Bd7 14.Qd2 b6 15.Rac1 Bc6
16.Ba6 Bb7 17.Bxb7 Nxb7 18.Nf4 e6 19.d5 e5 20.Nd3 f5 21.Bg5 Qd7 22.Bh6 fxe4
23.Bxg7 Qxg7 24.fxe4 Nd6 25.Qb4 Rxf1+ 26.Rxf1 Rd8 27.h3 Qh6 28.Rf6 Qe3+ 29.Nf2 a5
30.Qb1 Rc8 31.Kh2 Nf5 32.Qxb6 Qg3+  0-1

[Event "Velammal 45th National A ch-IND"]
[Site "Chennai IND"]
[Date "2008.02.06"]
[Round "4"]
[White "Babu,NS"]
[Black "Ashwin,J"]
[Result "1-0"]
[WhiteElo "2333"]
[BlackElo "2478"]

1.d4 Nf6 2.c4 g6 3.Nc3 d5 4.cxd5 Nxd5 5.e4 Nxc3 6.bxc3 Bg7 7.Nf3 c5 8.Rb1 O-O
9.Be2 e6 10.O-O b6 11.dxc5 bxc5 12.Qxd8 Rxd8 13.Be3 Ba6 14.Rfd1 Rc8 15.Kf1 Bxc3
16.Rdc1 Bb4 17.Ne5 Bxe2+ 18.Kxe2 Na6 19.Nc4 Rc6 20.a3 Rb8 21.axb4 cxb4 22.Na5 Rxc1
23.Rxc1 b3 24.Rb1 b2 25.Nc4 Rc8 26.Nxb2 Rb8 27.Bxa7 Rb4 28.Kd3 e5 29.Ra1 Nc7
30.Nd1 Ne6 31.Be3 f5 32.f3  1-0

[Event "4th Open C Women"]
[Site "Moscow RUS"]
[Date "2008.02.09"]
[Round "8"]
[White "Krush,I"]
[Black "Charochkina,D"]
[Result "1-0"]
[WhiteElo "2473"]
[BlackElo "2383"]

1.d4 Nf6 2.c4 g6 3.Nc3 d5 4.cxd5 Nxd5 5.e4 Nxc3 6.bxc3 Bg7 7.Bc4 c5 8.Ne2 O-O
9.O-O Nc6 10.Be3 Qc7 11.Rc1 b6 12.f4 e6 13.Qe1 Na5 14.Bd3 f5 15.dxc5 bxc5
16.Qf2 Rd8 17.Rfd1 Bf8 18.Kh1 Bd7 19.exf5 exf5 20.Ng1 Ba4 21.Rd2 c4 22.Bf1 Rxd2
23.Qxd2 Bc6 24.Qf2 Bd6 25.Ne2 Be4 26.Nd4 Rb8 27.Ne6 Qe7 28.Ng5 Ba3 29.Re1 Rb2
30.Qg3 Bd6 31.Nxe4 fxe4 32.Qg4 Rb8 33.Bd4 Rf8 34.g3 e3 35.Bg2 Rf5 36.Rxe3 Qd8
37.Qe2 Bf8 38.Re8 Qd7 39.Re5 Bd6 40.Rxf5 gxf5 41.Bd5+  1-0

[Event "Velammal 45th National A ch-IND"]
[Site "Chennai IND"]
[Date "2008.02.10"]
[Round "8"]
[White "Sriram,J"]
[Black "Konguvel,P"]
[Result "1/2-1/2"]
[WhiteElo "2457"]
[BlackElo "2394"]

1.d4 Nf6 2.c4 g6 3.Nc3 d5 4.cxd5 Nxd5 5.e4 Nxc3 6.bxc3 Bg7 7.Bc4 c5 8.Ne2 Nc6
9.Be3 O-O 10.O-O Bd7 11.Rb1 Qc7 12.Bd3 Rad8 13.Qc2 Na5 14.dxc5 Be6 15.c4 Nc6
16.Nf4 Nd4 17.Bxd4 Bxd4 18.Nd5 Bxd5 19.cxd5 Bxc5 20.Kh1 Rc8 21.Qb2 Qf4 22.Qe2 Bb6
23.g3 Qe5 24.Bc4 Rc7 25.Bb3 Rfc8 26.f4 Qd4 27.e5 Qe3 28.Qxe3 Bxe3 29.e6 Kf8
30.Rbe1 Bd2 31.Re4 fxe6 32.dxe6 Rc1 33.Rxc1 Rxc1+ 34.Kg2 Ba5 35.f5 Kg7 36.fxg6 Kxg6
37.Rg4+ Kf6 38.Rf4+ Kg6 39.Bd5 Rc2+ 40.Kh3 Re2 41.Be4+ Kh6 42.Rh4+ Kg5 43.Bf3 Rxa2
44.Rxh7 Kf6 45.Bxb7 Kxe6 46.Rh6+ Kd7 47.Ra6 Ra3 48.Rxa7 Bb4 49.Rxa3 Bxa3
50.Kg4 Ke6 51.h4 Bd6 52.Kf3 Bxg3 53.Kxg3 Kf6 54.Kg4 Kg7 55.Kg5 e5  1/2-1/2

[Event "Bundesliga 2007-8"]
[Site "Erfurt GER"]
[Date "2008.02.10"]
[Round "9"]
[White "Halkias,S"]
[Black "Votava,J"]
[Result "1/2-1/2"]
[WhiteElo "2580"]
[BlackElo "2546"]

1.d4 Nf6 2.c4 g6 3.Nc3 d5 4.cxd5 Nxd5 5.e4 Nxc3 6.bxc3 Bg7 7.Nf3 c5 8.Rb1 O-O
9.Be2 b6 10.O-O Bb7 11.Qd3 e6 12.Bg5 Qc7 13.Qe3 Nd7 14.e5 Rae8 15.Bb5 Bc6
16.a4 a6 17.Bxa6 Bxa4 18.Bb5 Bxb5 19.Rxb5 cxd4 20.cxd4 Qc6 21.Rb3 Qd5 22.h4 Ra8
23.h5 gxh5 24.Rfb1 Ra5 25.Bh6 f6 26.Bxg7 Kxg7 27.Rc3 Kh8 28.exf6 Qf5 29.Rbc1 Nxf6
30.Rc6 Nd5 31.Qxe6 Nf4 32.Qxf5 Raxf5 33.Re1 Nxg2 34.Kxg2 Rxf3 35.Re2 R3f4
36.Rd2 Rg4+ 37.Kh2 Rfg8 38.Kh3 Rg1 39.Kh2 R8g2+ 40.Kh3 Rg8 41.Kh2 R8g2+  1/2-1/2

[Event "TCh-FIN 2007-8"]
[Site "Finland FIN"]
[Date "2008.02.10"]
[Round "7"]
[White "Kanep,M"]
[Black "Novik,Ma"]
[Result "1-0"]
[WhiteElo "2523"]
[BlackElo "2468"]

1.d4 Nf6 2.c4 g6 3.Nc3 d5 4.cxd5 Nxd5 5.e4 Nxc3 6.bxc3 Bg7 7.Bc4 c5 8.Ne2 Nc6
9.Be3 O-O 10.O-O b6 11.dxc5 Ne5 12.Qxd8 Rxd8 13.Bd5 Rb8 14.c6 Ba6 15.c7 Bxe2
16.Rfe1 Ba6 17.Red1 Rdc8 18.cxb8=N Rxb8 19.a4 Nc4 20.Bd4 e5 21.Be3 Nxe3 22.fxe3 Bf8
23.c4 Bc5 24.Rf1 Bxe3+ 25.Kh1 Rf8 26.Rf3  1-0

[Event "Velammal 45th National A ch-IND"]
[Site "Chennai IND"]
[Date "2008.02.12"]
[Round "10"]
[White "Sundararajan,K"]
[Black "Konguvel,P"]
[Result "0-1"]
[WhiteElo "2442"]
[BlackElo "2394"]

1.d4 Nf6 2.c4 g6 3.Nc3 d5 4.cxd5 Nxd5 5.e4 Nxc3 6.bxc3 Bg7 7.Bc4 c5 8.Ne2 Nc6
9.Be3 O-O 10.O-O Qc7 11.Rc1 Rd8 12.Bf4 Qd7 13.d5 Na5 14.Bd3 b5 15.Rb1 a6
16.Qc1 e5 17.Be3 c4 18.Bc2 Nb7 19.f4 f6 20.f5 Nd6 21.g4 gxf5 22.gxf5 Kh8
23.Qe1 Rg8 24.Kh1 Bb7 25.Qh4 Qf7 26.Ng3 Bf8 27.Bd1 Rxg3 28.hxg3 Nxe4 29.Rc1 Ba3
30.Rc2 Rg8 31.Kh2 Bxd5 32.g4 Bc5 33.Bxc5 Nxc5 34.Re2 Rg5 35.Re3 Bb7 36.Qh6 Qg7
37.Qxg7+ Kxg7 38.Be2 Be4 39.a4 Bd3 40.Bxd3 cxd3 41.axb5 axb5 42.Rb1 Rxg4
43.Rxb5 d2 44.Rb1 Kh6 45.Rd1 Ne4 46.c4 Kg5 47.Rf3 Rf4 48.Kg2 Kxf5 49.c5 Nxc5
50.Rxd2 Ne4 51.Rd1 Kg4 52.Rxf4+ exf4 53.Rd3 h5 54.Rb3 h4 55.Ra3 Ng3 56.Ra4 f5
57.Rb4 Ne4 58.Rb3 Nd2 59.Rd3 f3+ 60.Kg1 Ne4 61.Rd8 Kf4 62.Rh8 Ke3 63.Rxh4 f2+
64.Kg2 Ng3  0-1

[Event "2nd Int Open Congress"]
[Site "Brentwood ENG"]
[Date "2008.02.16"]
[Round "1"]
[White "Rowson,J"]
[Black "Walker,Mart"]
[Result "1/2-1/2"]
[WhiteElo "2580"]
[BlackElo "2250"]

1.d4 Nf6 2.c4 g6 3.Nc3 d5 4.cxd5 Nxd5 5.e4 Nxc3 6.bxc3 Bg7 7.Qa4+ Nd7 8.Nf3 O-O
9.Bg5 c5 10.Rd1 cxd4 11.cxd4 Nf6 12.Qa3 Nxe4 13.Bxe7 Qe8 14.Rd3 Bf5 15.Rb3 Bf6
16.Bxf6 Nxf6+ 17.Ne5 Nd7 18.Re3 Nxe5 19.dxe5 Qc6 20.Be2 Qxg2 21.Bf3 Qg5 22.h4 Qf4
23.h5  1/2-1/2

[Event "XXIV Open"]
[Site "Cappelle La Grande FRA"]
[Date "2008.02.18"]
[Round "3"]
[White "Naumkin,I"]
[Black "Steenbekkers,F"]
[Result "1-0"]
[WhiteElo "2475"]
[BlackElo "2217"]

1.d4 Nf6 2.c4 g6 3.Nc3 d5 4.cxd5 Nxd5 5.e4 Nxc3 6.bxc3 Bg7 7.Bc4 c5 8.Ne2 O-O
9.O-O Nc6 10.Be3 Bg4 11.f3 Na5 12.Bxf7+ Rxf7 13.fxg4 Rxf1+ 14.Kxf1 cxd4 15.cxd4 e5
16.Kg1 Rc8 17.d5 Nc4 18.Bf2 Nd6 19.Ng3 Bh6 20.h4 Bf4 21.g5 h6 22.Qg4 hxg5
23.Qe6+ Kg7 24.h5 Rc2 25.hxg6  1-0

[Event "10th TCh-Euro sen"]
[Site "Dresden GER"]
[Date "2008.02.19"]
[Round "9"]
[White "Krueger,E"]
[Black "Akvist,H"]
[Result "1-0"]
[WhiteElo "2200"]
[BlackElo "2178"]

1.d4 Nf6 2.c4 g6 3.Nc3 d5 4.cxd5 Nxd5 5.e4 Nxc3 6.bxc3 Bg7 7.Bc4 c5 8.Ne2 Nc6
9.Be3 O-O 10.O-O cxd4 11.cxd4 Na5 12.Bd3 b6 13.Rc1 Bb7 14.d5 Qd7 15.Nd4 Rfc8
16.Qd2 e6 17.Bb5 Qd6 18.Nc6 Bxc6 19.dxc6 Qe5 20.Qb4 Bf8 21.Qa4 a6 22.Be2 Qc7
23.e5 Qxe5 24.Bf3 Bd6 25.g3 Bc7 26.Rfd1 Qf6 27.Kg2 b5 28.Qe4 Nc4 29.Rxc4 bxc4
30.Qxc4 Qb2  1-0

[Event "XXIV Open"]
[Site "Cappelle La Grande FRA"]
[Date "2008.02.20"]
[Round "6"]
[White "Erdos,V"]
[Black "Hunt,D"]
[Result "1-0"]
[WhiteElo "2575"]
[BlackElo "1872"]

1.d4 Nf6 2.c4 g6 3.Nc3 d5 4.cxd5 Nxd5 5.e4 Nxc3 6.bxc3 Bg7 7.Bc4 c5 8.Ne2 O-O
9.O-O Nc6 10.Be3 Na5 11.Bd3 b6 12.Rc1 e5 13.dxc5 Be6 14.c4 bxc5 15.Bxc5 Bh6
16.Rc3 Re8 17.Qc2 Qc7 18.Ba3 Rec8 19.c5 Qc6 20.Bc1 Bxc1 21.Rxc1 Rab8 22.h4 Rb4
23.Qd2 Ra4 24.R1c2 Rd8 25.Qg5 Qc7 26.Ng3 Rdd4 27.Be2 Nc6 28.Bb5 Rab4 29.Bxc6 Qxc6
30.Qxe5 f5 31.Rc1 fxe4 32.a3 Ra4 33.Rb1 Kf7 34.Qh8 h5 35.Rb8 Bd7 36.Rf8+  1-0

[Event "Masters"]
[Site "Bunratty IRL"]
[Date "2008.02.22"]
[Round "1"]
[White "Galligan,B"]
[Black "Johannesson,I"]
[Result "1/2-1/2"]
[WhiteElo "2041"]
[BlackElo "2338"]

1.d4 Nf6 2.c4 g6 3.Nc3 d5 4.cxd5 Nxd5 5.e4 Nxc3 6.bxc3 Bg7 7.Bc4 O-O 8.Be3 Nc6
9.Rb1 Na5 10.Bd3 c6 11.h3 Be6 12.Qd2 Bc4 13.Nf3 b5 14.O-O f5 15.exf5 Bxd3
16.Qxd3 Rxf5 17.Qe4 Qd6 18.Nd2 e5 19.Rxb5 exd4 20.Rxf5 gxf5 21.Qd3 Rf8 22.Bxd4 c5
23.Nc4 Qd5 24.Nxa5 cxd4 25.Nb3 f4 26.f3 a5 27.Rd1 a4 28.Nc1 Rb8 29.cxd4 Rb2
30.Qe4 Qg5 31.Qe6+ Kf8 32.Qd6+  1/2-1/2

[Event "Masters"]
[Site "Bunratty IRL"]
[Date "2008.02.22"]
[Round "1"]
[White "Quinn,M"]
[Black "Wilson,A"]
[Result "1-0"]
[WhiteElo "2403"]
[BlackElo "2070"]

1.c4 Nf6 2.Nc3 d5 3.d4 g6 4.cxd5 Nxd5 5.e4 Nxc3 6.bxc3 Bg7 7.Bc4 c5 8.Ne2 O-O
9.O-O Nc6 10.Be3 Qa5 11.Rb1 a6 12.a4 e6 13.Qc2 Qc7 14.Rfc1 Bd7 15.Bf4 e5
16.dxe5 Nxe5 17.Bd5 Bc6 18.c4 Rad8 19.h3 Kh8 20.Be3 Qe7 21.f4 Nd7 22.Rd1 Rfe8
23.Nc3 f5 24.e5 Nf8 25.Bxc6 bxc6 26.Rb6 Rxd1+ 27.Nxd1 Ne6 28.Rxc6 Rd8 29.Rxa6 Nd4
30.Qf2 Qb7 31.Rd6 Rxd6 32.exd6 Qc6 33.Nc3 Qxd6 34.Nd5 Qb8 35.Kh2 Qb3 36.Qh4 Nc6
37.Ne7 Qxe3 38.Nxc6 h6 39.Qd8+ Kh7 40.Qd6 g5 41.Ne7 g4 42.Qg6+ Kh8 43.Qe8+  1-0

[Event "FSIM March"]
[Site "Budapest HUN"]
[Date "2008.03.04"]
[Round "3"]
[White "Porat,Ma"]
[Black "Szegi,T"]
[Result "1-0"]
[WhiteElo "2190"]
[BlackElo "2293"]

1.d4 Nf6 2.c4 g6 3.Nc3 d5 4.cxd5 Nxd5 5.e4 Nxc3 6.bxc3 Bg7 7.Nf3 c5 8.Rb1 O-O
9.Be2 Qc7 10.O-O Rd8 11.Be3 cxd4 12.cxd4 Bg4 13.Qa4 b6 14.h3 Bd7 15.Qb3 Nc6
16.Rfc1 Qb7 17.Qa3 Na5 18.Qxa5  1-0

[Event "FSGM March"]
[Site "Budapest HUN"]
[Date "2008.03.05"]
[Round "4"]
[White "Rajlich,I"]
[Black "Antal,Ge"]
[Result "0-1"]
[WhiteElo "2437"]
[BlackElo "2467"]

1.d4 Nf6 2.c4 g6 3.Nc3 d5 4.cxd5 Nxd5 5.e4 Nxc3 6.bxc3 Bg7 7.Nf3 c5 8.Rb1 O-O
9.Be2 b6 10.O-O Bb7 11.Qd3 e6 12.h4 Nd7 13.h5 Nf6 14.h6 Bh8 15.Ng5 Nd7 16.e5 cxd4
17.cxd4 Bd5 18.Rb5 Bxa2 19.f4 a6 20.Rb3 b5 21.Bg4 Nb6 22.Rf2 Bxb3 23.Qxb3 Qxd4
24.Bxe6 Nc4 25.Ba3 fxe6 26.Bxf8 Rxf8 27.Nxe6 Qa1+ 28.Kh2 Re8 29.Qd3 Qa3 30.Qd5 Ne3
31.Qc6 Ng4+ 32.Kg1 Qe7 33.Rd2 Qxe6 34.Rd6 Qf7 35.Rd7 Qc4 36.Rg7+ Bxg7 37.Qxe8+ Bf8
38.g3 Qe2  0-1

[Event "XXIII Open"]
[Site "Reykjavik ISL"]
[Date "2008.03.05"]
[Round "3"]
[White "Fridgeirsson,D"]
[Black "Nemcova,Kat"]
[Result "0-1"]
[WhiteElo "1798"]
[BlackElo "2342"]

1.d4 Nf6 2.c4 g6 3.Nc3 d5 4.cxd5 Nxd5 5.e4 Nxc3 6.bxc3 Bg7 7.Bc4 O-O 8.Ne2 c5
9.Be3 cxd4 10.cxd4 Nc6 11.O-O Bd7 12.Rc1 Rc8 13.Qd3 a6 14.Bd2 Qb6 15.Rb1 Qa7
16.Bc3 Bg4 17.f3 Ne5 18.Qd1 Nxc4 19.fxg4 Ne3 20.Qb3 Nxf1 21.Rxf1 b5 22.Kh1 Rc4
23.e5 Qd7 24.h3 Rfc8 25.Bb2 e6 26.Ng3 Qd5 27.Rf2 a5 28.h4 a4 29.Qe3 Rc2 30.Ne4 Rxf2
31.Nxf2 Qxa2  0-1

[Event "58th ch-RUS w 1st liga"]
[Site "Smolensk RUS"]
[Date "2008.03.05"]
[Round "8"]
[White "Shulakova,S"]
[Black "Ter Steponianc,A"]
[Result "1/2-1/2"]
[WhiteElo "2190"]
[BlackElo "2100"]

1.d4 Nf6 2.c4 g6 3.Nc3 d5 4.cxd5 Nxd5 5.e4 Nxc3 6.bxc3 Bg7 7.Be3 c5 8.Qd2 O-O
9.Nf3 Nc6 10.d5 Qa5 11.Rc1 Rd8 12.Bd3 e6 13.Bg5 f6 14.Be3 exd5 15.exd5 Ne7
16.c4 Qxd2+ 17.Kxd2 b6 18.Rce1 Nf5 19.Bf4 Kf7 20.Re2 Nd6 21.Rhe1 Bf8 22.h3 Ba6
23.Kc3 b5 24.Bxd6 b4+ 25.Kc2 Bxd6 26.Nd2 Re8 27.Ne4 Bf8 28.d6 Red8 29.Nxc5 Rxd6
30.Be4 Bxc4 31.Bxa8 Bxe2 32.Rxe2 Rd8 33.Ne6 Rxa8 34.Nxf8 Rxf8 35.Kb3 Rb8
36.Re4 a5 37.Ka4 Rd8 38.Kxa5 Ra8+ 39.Kxb4 Rxa2 40.Rf4 Ke6 41.Kb3 Re2 42.Kc3 Ke5
43.Rf3 f5 44.Re3+ Rxe3+ 45.fxe3 Ke4 46.Kd2 f4 47.exf4 Kxf4 48.Ke2 Kg3 49.Kf1 g5
50.Kg1 h6 51.Kh1 h5 52.Kg1 g4  1/2-1/2

[Event "XXIII Open"]
[Site "Reykjavik ISL"]
[Date "2008.03.06"]
[Round "4"]
[White "Wang Yue"]
[Black "Hermansson,E"]
[Result "1-0"]
[WhiteElo "2698"]
[BlackElo "2472"]

1.d4 Nf6 2.c4 g6 3.Nc3 d5 4.cxd5 Nxd5 5.e4 Nxc3 6.bxc3 Bg7 7.Bc4 c5 8.Ne2 O-O
9.O-O Nc6 10.Be3 Bg4 11.f3 Na5 12.Bd3 cxd4 13.cxd4 Be6 14.d5 Bxa1 15.Qxa1 f6
16.Qb1 Bf7 17.Nd4 Rc8 18.Qb4 e6 19.dxe6 Bxe6 20.Nxe6 Qxd3 21.Bxa7 Rfe8 22.Nf4 Qc3
23.Qb5 Nc6 24.Nd5 Qe5 25.Bc5 Nd4 26.Qb4 Ne2+ 27.Kh1 Nf4 28.Ne7+ Kh8 29.Nxc8 Nd3
30.Nd6 Nxb4 31.Nf7+ Kg7 32.Nxe5 Na6 33.Nd7 Rd8 34.Bf8+ Kf7 35.Rd1  1-0

[Event "10th WCh-University"]
[Site "Novokuznetsk RUS"]
[Date "2008.03.07"]
[Round "5"]
[White "Yurkov,P"]
[Black "Mekhitarian,K"]
[Result "0-1"]
[WhiteElo "2332"]
[BlackElo "2456"]

1.d4 Nf6 2.c4 g6 3.Nc3 d5 4.cxd5 Nxd5 5.e4 Nxc3 6.bxc3 Bg7 7.Qa4+ Nd7 8.Nf3 O-O
9.Be3 c5 10.Rd1 Nb6 11.Qa5 cxd4 12.cxd4 Bg4 13.Be2 Qd6 14.O-O Rfc8 15.Qg5 Bd7
16.Rd2 Qb4 17.Qh4 Nc4 18.Bxc4 Rxc4 19.Bh6 Rac8 20.Bxg7 Rc1 21.Rdd1 Rxd1 22.Rxd1 Kxg7
23.Qf4 Rc2 24.h4 Qd6 25.Qxd6 exd6 26.Rd2 Rc1+ 27.Kh2 b5 28.e5 d5 29.Ng1 b4
30.Ne2 Rc4 31.Nf4 Bc6 32.Kg3 a5 33.e6 fxe6 34.Nxe6+ Kf6 35.Nc5 Rc3+ 36.Kf4 Bb5
37.g4 Bc4 38.g5+ Kf7 39.Nb7 Ra3 40.Nd6+ Ke6 41.Nxc4 dxc4 42.Ke4 a4 43.Rc2 b3
44.axb3 cxb3 45.Rc6+ Kd7 46.Rb6 Ra2 47.Kd3 b2 48.Kc2 a3 49.d5 Ra1  0-1

[Event "TCh-FIN 2007-8"]
[Site "Finland FIN"]
[Date "2008.03.08"]
[Round "8"]
[White "Novik,Ma"]
[Black "Holmsten,A"]
[Result "1/2-1/2"]
[WhiteElo "2468"]
[BlackElo "2370"]

1.d4 Nf6 2.c4 g6 3.Nc3 d5 4.cxd5 Nxd5 5.e4 Nxc3 6.bxc3 Bg7 7.Nf3 O-O 8.Be2 c5
9.O-O Qa5 10.Bg5 cxd4 11.cxd4 Bg4 12.Bd2 Qa3 13.Rb1 Qxa2 14.Rxb7 e6 15.Qc1 Bxf3
16.gxf3 a5 17.Bd1 Bxd4 18.Bh6 Rd8 19.Bg5 Rf8 20.Be7 Re8 21.Bb3 Qe2 22.Qf4 Ra7
23.Rxa7 Bxa7 24.Bf6 Nd7 25.Ba1 Bb8 26.Qg5 h6 27.Qxh6 Be5 28.Qe3 Qxe3 29.fxe3 Bxa1
30.Rxa1 Nc5 31.Bc2 a4 32.Ra2 Ra8 33.Kf2 Kg7 34.Ke2 Rh8 35.Kd2 Rxh2+ 36.Kc3 Rf2
37.Kc4 Nd7 38.f4 Re2 39.Kd3 Rh2 40.Kc3 Re2 41.Kd3 Rh2 42.Kc3 Rh3 43.Kd4 e5+
44.fxe5 Rh2 45.e6 fxe6 46.Kc3 Nc5 47.Kd4 Nd7 48.Kc3 Re2 49.Rxa4 Kf6 50.e5+ Nxe5
51.Rf4+ Ke7 52.Re4 Kd6 53.Rd4+ Ke7 54.Re4 Nd7 55.Rg4 Rxe3+ 56.Kd2 Ne5 57.Kxe3 Nxg4+
58.Kf4 Nf6 59.Bxg6 Kd6 60.Ke3 Nd5+ 61.Kf3 Nf6 62.Bf7 e5 63.Ke3 Kc5 64.Ba2 e4
65.Bb1 Kd5 66.Bxe4+ Nxe4  1/2-1/2